000 00239 a2200109 4500
001 51178
040 _cAnchieta - Pituba
240 1 0 _aReading explorer 4
_l
245 1 0 _aReading explorer 4
650 4 _aInglês e inglês antigo
942 _cMX
999 _c51178
_d51178